banner koha

Mimosoideae (Leguminosae) do Parque Estadual Paulo César Vinha, Espírito Santo, Brasil (Registro n. 330266)

MARC details
000 -LÍDER
fixed length control field 03593nab a2200277 i 4500
003 - CÓDIGO MARC DA AGÊNCIA CATALOGADORA
Campo de controle BR-BrBNA
005 - DATA E HORA DA ÚLTIMA ATUALIZAÇÃO
Campo de controle 20250307141708.0
008 - CAMPO DE TAMANHO FIXO
fixed length control field 250307b2015 bl.qr|pooa||| 00| 0 por |
040 ## - FONTE DA CATALOGAÇÃO
Agência catalogadora BR-BrBNA
Idioma da catalogação por
072 ## - CATEGORIA AGRIS
Código AGRIS F70
100 ## - ENTRADA PRINCIPAL - NOME PESSOAL
Nome pessoal Peterle, Pollyana Lima
100 ## - ENTRADA PRINCIPAL - NOME PESSOAL
Nome pessoal Chagas, Aline Pitol
100 ## - ENTRADA PRINCIPAL - NOME PESSOAL
Nome pessoal Thomaz, Luciana Dias
100 ## - ENTRADA PRINCIPAL - NOME PESSOAL
Nome pessoal Dutra, Valquíria Ferreira
100 ## - ENTRADA PRINCIPAL - NOME PESSOAL
Nome pessoal Valadares, Rodrigo Theófilo
245 ## - TÍTULO PRINCIPAL
Título principal Mimosoideae (Leguminosae) do Parque Estadual Paulo César Vinha, Espírito Santo, Brasil
500 ## - NOTA GERAL
Nota geral Publicação on-line; 34 ref.; 2 illus.; Summaries (En, Pt)
942 ## - ADDED ENTRY ELEMENTS (KOHA)
Koha item type Analítica
520 ## - NOTA DE RESUMO
Nota de conteúdo <br/><br/>Resumo<br/><br/>O Parque Estadual Paulo César Vinha (PEPCV) constitui uma importante área de preservação do Espírito Santo<br/>e mesmo sendo a região litorânea melhor estudada no Estado, trabalhos taxonômicos ainda apresentam-se<br/>escassos. Este trabalho consiste no levantamento florístico e estudo taxonômico de Mimosoideae do PEPCV.<br/>Foram realizadas coletas quinzenais, entre agosto/2008 a junho/2009, percorrendo trilhas pré-existentes no<br/>interior do Parque, além de caminhadas aleatórias de forma a contemplar todas as fitofisionomias. Mimosoideae<br/>está representada por 10 táxons, reunidos em cinco gêneros: Albizia, Inga, Mimosa, Piptadenia e Senegalia. <br/>O gênero mais representativo em número de espécies é Mimosa (4 spp.), seguido por Inga (3 spp.). Os demais<br/>gêneros apresentam uma espécie cada. Mimosa elliptica e Mimosa sensitiva var. sensitiva são novas citações<br/>para o estado do Espírito Santo e Inga subnuda subsp. subnuda, Mimosa candollei, Mimosa pudica var. hispida, <br/>Piptadenia adiantoides e Senegalia lacerans são novas citações para o PEPCV. O trabalho inclui<br/>chave de identificação dos táxons, descrições, ilustrações, dados sobre distribuição geográfica, preferência<br/>de habitat e fenológicos, além de comentários taxonômicos.<br/><br/>Palavras-chave: Fabaceae, flora, restinga, taxonomia.<br/><br/><br/><br/><br/><br/>Abstract<br/><br/>Paulo Cesar Vinha State Park (PEPCV) is an important preservation area in the State of Espírito Santo, and<br/>although it is the best studied coastal region in the state, taxonomic studies on the flora are still scarce. This<br/>study is a floristic and taxonomic survey of the Mimosoideae of the PEPCV. Fortnightly collections were<br/>carried out from August/2008 to June/2009, on pre-existing trails within the park, as well as random walks to<br/>survey all phytophysiognomies. Mimosoideae is represented by 10 taxa in five genera: Albizia, Inga, Mimosa, <br/>Piptadenia and Senegalia. The most representative genus in species number is Mimosa (4 spp.), followed by<br/>Inga (3 spp.). The other genera have one species each. Mimosa elliptica and Mimosa sensitiva var. sensitiva<br/>are new records for the state of Espírito Santo, and Inga subnuda subsp. subnuda, Mimosa candollei, Mimosa<br/>pudica var. hispida, Piptadenia adiantoides and Senegalia lacerans are new records for the PEPCV. This<br/>study includes identification of key taxa, descriptions, illustrations, data on geographical distribution, habitat<br/>preference, phenologyl and taxonomy.<br/><br/>Key words: Fabaceae, flora, sandy coastal plains, taxonomy.
650 ## - ASSUNTO - THESAGRO
Cabeçalho tópico ou nome geográfico FLORA
650 ## - ASSUNTO - THESAGRO
Cabeçalho tópico ou nome geográfico RESTINGA
650 ## - ASSUNTO - THESAGRO
Cabeçalho tópico ou nome geográfico TAXONOMIA
773 0# - ENTRADA ANALÍTICA
Host Biblionumber 709
Registro do item 348886
Imprenta Rio de Janeiro-RJ Jardim Botanico do Rio de Janeiro 1935
Outro identificador 2025-1382
Título Rodriguésia (Brazil)
ISSN 0370-6583; 2175-7860 on-line
Colação v. 66(1) p. 245-257; (2015)
Número de controle de registro BR2024005003
856 ## - ACESSO E ENDEREÇO ELETRÔNICO
Identificador uniforme de recurso - URI https://www.scielo.br/j/rod/a/PMcXQMN7dKxvj7pQYY6JJrb/?format=pdf&lang=pt

Nenhum exemplar disponível.

BINAGRI

Telefone: (61)3218-2567/2388/3357/2097 - binagri@agro.gov.br

Ministério da Agricultura e Pecuária , Esplanada dos Ministérios, Bloco D, Anexo B, Brasília/DF, CEP: 70.043-900